Riconosci il Pokémon - Quiz n°325 - Statistics

Statistiche generali
  • Questo quiz è stato fatto 5 volte
  • Il punteggio medio è 6 su 10
Statistiche sulle risposte
Indizio Risposta % Corretto
Peso 4,4 kg
100%
Tipo Erba / Drago
100%
Generazione Nona
100%
Stadio evoluzione Prima evoluzione
100%
Altezza 0,4 m
67%
Abilità Sciroppo Sublime; Voracità; Antifurto
67%
Tasso di cattura 45 (11.9%)
33%
Sesso 50% ♂, 50% ♀
33%
Tasso di allevamento Irregolare
33%
Pokémon Dipplin
0%
Nessun quiz corrispondente trovato
Distribuzione punteggi
Percentuale di utenti per punteggio
Percentile per numero di risposta
I tuoi punteggi nel tempo
Non hai fatto questo quiz